| 000 | 01137cam a2200325 a 4500 | ||
|---|---|---|---|
| 999 |
_c9521 _d9521 |
||
| 001 | 3925217 | ||
| 003 | OSt | ||
| 005 | 20210115153709.0 | ||
| 008 | 921120s1993 oru b 001 0 eng | ||
| 010 | _a 92044140 | ||
| 020 | _a1565071166 | ||
| 040 |
_aDLC _cDLC _dDLC |
||
| 043 | _an-us--- | ||
| 050 | 0 | 0 |
_aBF1042 _b.A548 1993 |
| 082 | 0 | 0 |
_a375/.00973 _220 |
| 100 | 1 |
_aAnkerberg, John, _d1945- |
|
| 245 | 1 | 0 |
_aThieves of innocence / _cJohn Ankerberg with John Weldon & Craig Branch. |
| 260 |
_aEugene, Or. : _bHarvest House Publishers, _cc1993. |
||
| 300 |
_a345 p. ; _c21 cm. |
||
| 504 | _aIncludes bibliographical references (p. 321-326) and index. | ||
| 650 | 0 | _aOccultism. | |
| 650 | 0 | _aNew Age movement. | |
| 650 | 0 |
_aEducation _xCurricula _zUnited States. |
|
| 653 | 0 | _aHidden agenda | |
| 700 | 1 | _aWeldon, John. | |
| 700 | 1 | _aBranch, Craig. | |
| 906 |
_a7 _bcbc _corignew _d1 _eocip _f19 _gy-gencatlg |
||
| 942 |
_2ddc _cBK |
||